000 00946 a2200445 4500
000 BKB
001 135949
005 20200902152936.0
008
010 _a
020 _a
082 _a309.1544
_bS13S
100 1 _aSocio-economics profile of rural India (Volume III)
110 _a
245 1 _aSocio-economics profile of rural India (Volume III)
_cedited by Rajendra Vora
250 _a
260 _aNew Delhi
_bConcept publishing
_c2005
300 _a457p.
490 _a
_v
500 _a
600 _a
610 _a
611 _a
630 _a
650 _a
651 _a
654 _a
690 _aRural India; Social work
700 _aVora, Rajendra ed.
_b
_c
710 _a
_b
_c
711 _a
720 _a
730 _a
740 _a
752 _a
856 _a
_d
_f
904 _a
964 _a
_b
_c
_d
_e
_f
_g
965 _a
999 _c9238
_d9238